| 000 | 00524nam a2200169Ia 4500 | ||
|---|---|---|---|
| 999 |
_c35759 _d35759 |
||
| 003 | OSt | ||
| 005 | 20220826145848.0 | ||
| 008 | 190216s9999||||xx |||||||||||||| ||und|| | ||
| 040 | _coclc | ||
| 082 |
_a954.83 _bLOG/L |
||
| 100 | 1 |
_aLogan, William, _d1841-1914 _92672 |
|
| 245 | 0 |
_aLogante Malabar Manual / _cWilliam Logan |
|
| 260 |
_bThe Mathrubhumi Printing And Publishers, _c1985. _aKozhikode: |
||
| 300 | _a762p | ||
| 650 | _aGeneral Collections | ||
| 942 |
_cREF _2ddc _h954.83 _iLOG/L _k954.83 _mLOG/L |
||